Blood on the Clocktower characters starting with T - Statistics

General Stats
  • This quiz has been taken 6 times
  • The average score is 3 of 5
Answer Stats
Hint Answer % Correct
Outsider Tinker
100%
Townsfolk Town Crier
100%
Traveler Thief
50%
Fabled Toymaker
50%
Townsfolk Tea Lady
0%
No matching quizzes found
Score Distribution
Percent of People with Each Score
Percentile by Number Answered
Your Score History
You have not taken this quiz